Franklin forgets

Bibliographic Details
Main Author: Barton, Nicola
Corporate Author: Title
Format: Book
Published: New York : Scholastic Inc , 2002
Series:A Franklin tv storybook
Subjects:

MARC

LEADER 00000cam a2200000 7i4500
001 0000001652
005 20220105103924.0
008 070706
020 |a 0439083680 
090 0 0 |a JP   |b ANM ENG (2122) 
100 1 |a Barton, Nicola 
245 1 0 |a Franklin forgets   |c Written by Nicola Barton 
260 |a New York :   |b Scholastic Inc ,   |c 2002 
440 2 |a A Franklin tv storybook 
500 |a Children age 4-6 years old (yellow) 
650 0 |a Animal   |x Fiction 
710 0 |a Title 
999 |a 0000950558   |b Book   |c Children Collection   |e Cawangan Pontian 
999 |a 0000950561   |b Book   |c Children Collection   |e Cawangan Bukit Gambir 
999 |a 0000950562   |b Book   |c Children Collection   |e Cawangan Segamat 
999 |a 0000950563   |b Book   |c Children Collection   |e Cawangan Tangkak 
999 |a 0000962112   |b Book   |c Children Collection   |e Cawangan Sri Merlong 
999 |a 0000962114   |b Book   |c Children Collection   |e Perbadanan Perpustakaan Awam Johor 
999 |a 0000962115   |b Book   |c Children Collection   |e Perbadanan Perpustakaan Awam Johor 
999 |a 0000962116   |b Book   |c Children Collection   |e Perbadanan Perpustakaan Awam Johor 
999 |a 0000974487   |b Book   |c Children Collection   |e Cawangan Taman Universiti 
999 |a 0000974488   |b Book   |c Children Collection   |e Cawangan Segamat